Movies Quiz

Random Movies or Star Wars Quiz

Country by Star Wars Poster Quiz Stats

 Plays Quiz Updated Dec 11, 2015

Challenge
Share
Tweet
Score 0/12 Timer 05:00
4 Plays Today
% Correct
France
97.1%
Germany
96.1%
United States
94.1%
China
86.5%
Japan
85.4%
Italy
80.5%
Russia
79.6%
Poland
63.2%
Israel
54%
Romania
36.3%
Turkey
35.8%
Hungary
27.9%

You're not logged in!

Compare scores with friends on all Sporcle quizzes.
Join for Free
OR
Log In

You Might Also Like...

Show Comments

Extras

Top Quizzes Today


Score Distribution

Your Account Isn't Verified!

In order to create a playlist on Sporcle, you need to verify the email address you used during registration. Go to your Sporcle Settings to finish the process.

Report this User

Report this user for behavior that violates our Community Guidelines.

Details: